<?xml version="1.0" encoding="UTF-8"?>
<record
    xmlns:xsi="http://www.w3.org/2001/XMLSchema-instance"
    xsi:schemaLocation="http://www.loc.gov/MARC21/slim http://www.loc.gov/standards/marcxml/schema/MARC21slim.xsd"
    xmlns="http://www.loc.gov/MARC21/slim">

  <leader>00898nam a22002171  4500</leader>
  <controlfield tag="001">he 65000031 </controlfield>
  <controlfield tag="003">DLC</controlfield>
  <controlfield tag="005">20260227111427.0</controlfield>
  <controlfield tag="008">851122s1964    is a     b    00010 eng  </controlfield>
  <datafield tag="010" ind1=" " ind2=" ">
    <subfield code="a">he 65000031 //r85</subfield>
  </datafield>
  <datafield tag="040" ind1=" " ind2=" ">
    <subfield code="a">DLC/ICU</subfield>
    <subfield code="c">ICU</subfield>
  </datafield>
  <datafield tag="041" ind1="1" ind2=" ">
    <subfield code="a">engrus</subfield>
  </datafield>
  <datafield tag="050" ind1="0" ind2=" ">
    <subfield code="a">QC880</subfield>
    <subfield code="b">.V8813</subfield>
  </datafield>
  <datafield tag="100" ind1="1" ind2="0">
    <subfield code="a">Vul&#x2B9;fson, N. I.</subfield>
  </datafield>
  <datafield tag="240" ind1="1" ind2="0">
    <subfield code="a">Issledovanie konvektivnykh dvizheni&#x12D; v svobodno&#x12D; atmosfere.</subfield>
    <subfield code="l">English</subfield>
  </datafield>
  <datafield tag="245" ind1="1" ind2="0">
    <subfield code="a">Convective motions in a free atmosphere</subfield>
    <subfield code="c">[by] N.L. [i.e. I.] Vul&#x2B9;fson. (Issledovanie konvektivnykh dvizheni&#x12D; v svobodno&#x12D; atmosfere) [Translated and edited by IPST staff].</subfield>
  </datafield>
  <datafield tag="260" ind1="0" ind2=" ">
    <subfield code="a">Jerusalem,</subfield>
    <subfield code="b">Israel Program for Scientific Translations;</subfield>
    <subfield code="b">[available from the Office of Technical Services, U.S. Dept. of Commerce, Washington]</subfield>
    <subfield code="c">1964.</subfield>
  </datafield>
  <datafield tag="300" ind1=" " ind2=" ">
    <subfield code="a">viii, 188 p.</subfield>
    <subfield code="b">illus.</subfield>
    <subfield code="c">24 cm.</subfield>
  </datafield>
  <datafield tag="504" ind1=" " ind2=" ">
    <subfield code="a">Bibliography: p. 182-188.</subfield>
  </datafield>
  <datafield tag="650" ind1=" " ind2="0">
    <subfield code="a">Convection (Meteorology)</subfield>
  </datafield>
  <datafield tag="999" ind1=" " ind2=" ">
    <subfield code="c">30850</subfield>
    <subfield code="d">30850</subfield>
  </datafield>
</record>
